Villes les plus peuplées du Royaume-Uni - Statistiques

Statistiques générales
  • Ce quiz a été pris 232 fois
  • Le résultat moyen est 11 sur 20
Statistiques - réponses
Population Ville % Correct
8 250 205 Londres
99%
464 200 Manchester
97%
434 900 Liverpool
94%
1 085 810 Birmingham
86%
441 419 Édimbourg
78%
590 507 Glasgow
74%
307 364 Cardiff
72%
430 459 Leeds
69%
274 586 Belfast
62%
428 971 Sheffield
51%
429 028 Bristol
49%
252 814 Leicester
48%
252 129 Southampton
47%
248 402 Plymouth
34%
310 200 Coventry
26%
301 499 Bradford
17%
343 019 Newcastle upon Tyne
16%
260 336 Stoke-on-Trent
15%
249 462 Reading
14%
301 984 Kingston upon Hull
12%
Aucun quiz correspondant
Distribution des résultats
% des personnes avec chaque résultat
Percentile par nombre de réponses
Votre historique - résultats
Vous n’avez pas pris ce quiz